Educación cívica iii : edición renovada /

Guardado en:
Autor Principal: Kechichian, Roberto
Formato: Libro
Publicado: Buenos Aires : Braga, 1994
Edición:4a. ed.
Etiquetas: Agregar Etiqueta
Sin Etiquetas, Sea el primero en etiquetar este registro!
LEADER 00444nam a22001575a 4500
001 CEM.cems008708
005 20060214000000.0
008 130507s1994##################000#0#####d
003 CEMS
082 0 4 |a 320 
100 1 |a Kechichian, Roberto 
245 1 0 |a Educación cívica iii :  |b edición renovada / 
250 |a 4a. ed. 
260 |a Buenos Aires :  |b Braga,  |c 1994 
300 |a 225 p.1 
859 |a CEMS  |b BIB. CEMS - 11 de abril  |h 320  |i K233-2a4/III  |p 17996.94  |t Ej.1